000 00270nam a22001097a 4500
008 170112b xxu||||| |||| 00| 0 eng d
020 _a9780130452160
041 _aeng
080 _a618.2
245 _aTEACHING STRATEGIES FOR NURSE EDUCATORS
_cDEYOUNG, S
942 _2udc
_cBK
999 _c2810
_d2810